Tennis : Vainqueurs des tournois ATP 500 en 2022 - Statistiques

Statistiques générales
  • Ce quiz a été pris 108 fois
  • Le résultat moyen est 6 sur 13
Statistiques - réponses
Hint Réponse % Correct
Rotterdam Auger-Aliassime
78%
Rio Alcaraz
75%
Barcelone Alcaraz
53%
Acapulco Nadal
51%
Astana Djokovic
47%
Dubai Rublev
47%
Bâle Auger-Aliassime
43%
Tokyo Fritz
43%
Washington Kyrgios
43%
Queens Berrettini
42%
Hambourg Musetti
39%
Halle Hurkacz
38%
Vienne Medvedev
35%
Aucun quiz correspondant
Distribution des résultats
% des personnes avec chaque résultat
Percentile par nombre de réponses
Votre historique - résultats
Vous n’avez pas pris ce quiz